Az össze nem függő parkok

Bibliographic Details
Main Author: Keserű, József, 1975- (Author)
Format: Book
Language:Hungarian
PhysicalDescription:216 strán 19 cm
Published: Dunaszerdahely NAP Kiadó 2011
ISBN:9788081040382
Edition:Első kiadás
Series:Kaleidoszkóp könyvek
Subjects:

MARC

LEADER 00000nam a2200000 4500
001 vtls011824886
003 SK-MaSNL
005 20260301050348.0
008 200402s2011 xo grn 000 1 hun
015 |a SNBA2018/11 
020 |a 9788081040382  |q (brožované) 
035 |a urn:nbn:sk:snk-am00dk3t 
035 |a urn:nbn:sk:snk-am3i4tj 
035 |a 7AE82F37-ACD8-476A-A8D3-110A57ECAF0F 
040 |a SNK  |b slo  |c SNK  |e rda 
041 0 |a hun 
044 |a xo  |c SK 
072 7 |a 82  |x Literatúra. Literárny život  |2 konspekt 
080 |a 821.511.141  |2 2011 
080 |a 821(100)  |2 2011 
080 |a 82.0  |2 2011 
080 |a 82-95  |2 2011 
080 |a 7.01  |2 2011 
080 |a (048.8)  |2 2011 
080 |a (0:82-4)  |2 2011 
100 1 |a Keserű, József,  |d 1975-  |4 aut  |9 134664 
245 1 3 |a Az össze nem függő parkok  |c Keserű József 
250 |a Első kiadás 
264 1 |a Dunaszerdahely  |b NAP Kiadó  |c 2011 
300 |a 216 strán  |c 19 cm 
336 |a text  |b txt  |2 rdacontent 
337 |a bez média  |b n  |2 rdamedia 
338 |a zväzok  |b nc  |2 rdacarrier 
490 1 |a Kaleidoszkóp könyvek  |v 20. 
504 |a Bibliografia na strane 213-214 ; bibliografické odkazy a poznámky 
650 0 7 |a maďarská literatúra  |2 SNKPH  |9 1193 
650 0 7 |a Hungarian literature  |2 SNKPHeng  |9 266362 
650 0 7 |a svetová literatúra  |2 SNKPH  |9 1433 
650 0 7 |a World literature  |2 SNKPHeng  |9 265627 
650 0 7 |a literárna veda  |2 SNKPH  |9 1137 
650 0 7 |a Study of literature  |2 SNKPHeng  |9 266360 
650 0 7 |a literárna kritika  |2 SNKPH  |9 1138 
650 0 7 |a Literary criticism  |2 SNKPHeng  |9 265138 
650 0 7 |a teória umenia  |2 SNKPH  |9 2853 
650 0 7 |a Theory of art  |2 SNKPHeng  |9 266049 
655 7 |a štúdie  |2 SNKPH  |9 57033 
655 7 |a Studies  |2 SNKPHeng  |9 265573 
655 7 |a eseje  |2 SNKPH  |9 57030 
655 7 |a Essays  |2 SNKPHeng  |9 267540 
752 |a Slovensko  |d Dunajská Streda 
830 0 |a Kaleidoszkóp könyvek  |9 349506 
919 |a 978-80-8104-038-2 
958 |a NB 
958 |a LX 
999 |c 600751  |d 602681 
952 |a SNK  |b SNK  |y PREZ  |7 0  |p 17A1339319  |o snkSD 87749  |i snk2018/24988  |8 0  |0 0  |1 0  |4 0  |d 2018-11-22  |f 1  |l 0  |r 2026-02-23 15:53:13  |w 2026-02-23 
952 |a SNK  |b SNK  |y VYP  |7 0  |p 17A1339320  |o snkSD 87749 D1  |i snk2018/24989  |8 0  |0 0  |1 0  |4 0  |d 2018-11-22  |l 0  |r 2026-02-23 15:53:13  |w 2026-02-23